000 00273nam a22001217a 4500
082 _a920
_bDUA/J
100 _aDUA,SHYAM
245 _aTHE LUMINOUS LIFE OF JULIA ROBERTS
260 _aDELHI
_bTINY TOT PUBLICATIONS
300 _a95
650 _aBIOGRAPHY
_zDELHI
942 _cBK
999 _c6111
_d6111